000 00323nam a22001337a 4500
008 171003b xxu||||| |||| 00| 0 eng d
020 _a9780912704340
041 _aeng
080 _a159.9
100 _a48
101 _aPSI
245 _aACTIVITIES HANDBOOK FOR TEACHING PSYCHOLOGY
_cBENJAMMIN.L.T
942 _2udc
_cBK
999 _c31505
_d31505